AH International Schools' Libraries

Food chain (KHMER) / (Record no. 49148)

MARC details
000 -LEADER
fixed length control field 00232nam a2200097 4500
020 ## - INTERNATIONAL STANDARD BOOK NUMBER
International Standard Book Number 9789924320883
245 ## - TITLE STATEMENT
Title Food chain (KHMER) /
260 ## - PUBLICATION, DISTRIBUTION, ETC. (IMPRINT)
Place of publication, distribution, etc Cambodia
Name of publisher, distributor, etc Let's Read
Date of publication, distribution, etc 2023
300 ## - PHYSICAL DESCRIPTION
Extent 14 p.
Other physical details col. ill.
Dimensions 21 cm.
942 ## - ADDED ENTRY ELEMENTS (KOHA)
Source of classification or shelving scheme
Koha item type Book
Holdings
Withdrawn status Lost status Source of classification or shelving scheme Damaged status Not for loan Collection code Home library Current library Shelving location Date acquired Total Checkouts Full call number Barcode Checked out Date last seen Date checked out Price effective from Koha item type
          Siem Riep Asian Hope Early Years Library Asian Hope Early Years Library Easy Reading 08/06/2025 7 KHMER 577.8 FOO 208081 04/22/2026 04/22/2026 04/22/2026 08/06/2025 Book

For any Logos Library related questions please contact Miss Art at swongnarasuk@asianhope.org.

For any Asian Hope Library related questions please contact Miss Raza at graza@asianhope.org.

Click here to explore our ebooks!

Powered by Koha